000 00758cab a2200217 4500
001 WB3335-07
008 090401t1997 xxu||||| |||| 00| 0 eng d
035 _a(Sirsi) u80784
041 _aeng
245 _aWise call for tall buildings
260 _c1997
350 _a0
490 _aContract Journal
_v390(6142) 10 September 1997, 6(1)
520 _aChris Wise, a director of Ove Arup & Partners, has called for a revolutionary new form of tall building that focuses on the needs of its occupants. These new style structures would provide more open space within the buildings.
650 _aDESIGN
650 _aMULTI-STOREY
650 _aTALL BUILDINGS
690 _aBUILT ENVIRONMENT-CONSTRUCTION DESIGN
942 _n0
948 _c11/09/1997
999 _c50872
_d50872